000
00291nam a22001337a 4500
008
171019b xxu||||| |||| 00| 0 eng d
020
_a
9780071106887
041
_a
eng
080
_2
6TH
_a
338
100
_a
53
101
_a
MEN
245
_a
RETAILING MANAGEMENT
_c
LEVY,M
942
_2
udc
_c
BK
999
_c
34966
_d
34966